L'Obra a fer / Mancomunitat de Catalunya
Descripción Física:
204 p. : il., [2] f. pleg., [2] làm. ; 22'5 cm
MARC
| LEADER | 00000nam a2200000Ia 4500 | ||
|---|---|---|---|
| 001 | 467 | ||
| 008 | 160829s1919 xx 000 0 cat d | ||
| 080 | |a M-3-169 | ||
| 110 | 2 | |a Catalunya. |b Mancomunitat |9 53015 | |
| 245 | |a L'Obra a fer / Mancomunitat de Catalunya | ||
| 260 | |a Barcelona : |b (Imp. de la Casa de Caritat), |c 1919 | ||
| 300 | |a 204 p. : |b il., [2] f. pleg., [2] làm. ; |c 22'5 cm | ||
| 590 | |a Hi ha un duplicat amb R. 468: DUP-23 | ||
| 610 | 2 | 0 | |a Catalunya. |b Mancomunitat |9 53015 |
| 651 | 0 | |9 53548 |a Catalunya |x Història |y 1914-1925, Mancomunitat | |
| 710 | |a Casa de Caritat (Barcelona, Catalunya) |9 52406 | ||
| 856 | 4 | |u https://media.diba.cat/diba/fitxers/arxiu/mancomunitat/bib_467_baixa.pdf |y Accés lliure | |
| 900 | |a bib_467_baixa.pdf | ||
| 901 | |a Arxiu | ||
| 942 | |n 1 |2 udc | ||
| 952 | |0 0 |1 0 |4 0 |6 M3169 |7 1 |9 41535 |a Arxiu |b Arxiu |d 2016-12-01 |l 0 |o M-3-169 |p 467 |r 2016-12-01 00:00:00 |w 2016-12-01 |y ARXIU | ||
| 952 | |0 0 |1 0 |4 0 |6 PDL |7 1 |9 63865 |a Arxiu |b Arxiu |d 2022-09-09 |l 0 |o PDL |p 26777 |r 2022-09-09 00:00:00 |w 2022-09-09 |y ARXIU | ||
| 999 | |c 43425 |d 43425 | ||